[Event "Kadettallsvenskans final 2006"]
[Site "?"]
[Date "2006.08.19"]
[Round "4"]
[White "Berggren, Jonatan"]
[Black "Skoog, Filip"]
[Result "1-0"]
[WhiteElo "1821"]
[BlackElo "1348"]
[PlyCount "73"]

1. e4 e5 2. Nc3 Nc6 3. Nf3 Nf6 4. d4 d6 5. Bb5 Bd7 6. O-O Be7 7. Re1 O-O 8.
Bxc6 Bxc6 9. dxe5 dxe5 10. Qxd8 Rfxd8 11. Bg5 Re8 12. h3 Nd7 13. Bxe7 Rxe7 14.
b4 a6 15. a4 Nb6 16. Nd2 Rd8 17. Re2 Red7 18. Nb3 Rd6 19. Na5 Rb8 20. Re3 f6
21. Kf1 Be8 22. Rd3 Bf7 23. Rad1 Nc4 24. Rxd6 Nxd6 25. f3 Ra8 26. Nd5 Bxd5 27.
Rxd5 Kf7 28. c4 Ke7 29. c5 Nc8 30. Nxb7 Rb8 31. c6 Nb6 32. Rd1 Nxa4 33. Rd7+
Kf8 34. Rxc7 Nc3 35. Rd7 Rc8 36. c7 Nb5 37. Rd8+ 1-0

[Event "Kadettallsvenskans final 2006"]
[Site "?"]
[Date "2006.08.19"]
[Round "4"]
[White "Agrest, Inna"]
[Black "Rosberg, Simon"]
[Result "1/2-1/2"]
[WhiteElo "2073"]
[BlackElo "2227"]
[PlyCount "94"]

1. e4 c5 2. c3 Nf6 3. e5 Nd5 4. d4 cxd4 5. Nf3 Nc6 6. cxd4 d6 7. Bc4 Nb6 8. Bb5
dxe5 9. Nxe5 Bd7 10. Nxd7 Qxd7 11. Be3 e6 12. O-O Be7 13. Qg4 O-O 14. Nc3 Nd5
15. Rad1 Rfd8 16. Qh3 Nxc3 17. bxc3 Bf6 18. c4 a6 19. Ba4 b5 20. Bc2 g6 21. d5
Nb4 22. dxe6 Qxe6 23. Qxe6 fxe6 24. Be4 Rac8 25. cxb5 axb5 26. Rxd8+ Rxd8 27.
a3 Nd5 28. g3 Be7 29. Bc1 Nc3 30. Bf3 Rd3 31. Kg2 Kf7 32. Re1 Na2 33. Bb2 Rb3
34. Re2 Bxa3 35. Bg4 Rxb2 36. Bxe6+ Kf6 37. Rxb2 Bxb2 38. Bxa2 Ke5 39. Kf3 Bd4
40. h4 h6 41. Ke2 Bb6 42. f3 b4 43. Bb1 Kf6 44. Bc2 Bd4 45. f4 g5 46. fxg5+
hxg5 47. hxg5+ Kxg5 1/2-1/2

[Event "Kadettallsvenskans final 2006"]
[Site "?"]
[Date "2006.08.19"]
[Round "4"]
[White "Wickström, Lucas"]
[Black "Sonnek, Torbern"]
[Result "0-1"]
[WhiteElo "1889"]
[BlackElo "1971"]
[PlyCount "120"]

1. d4 d5 2. c4 c6 3. Nc3 Nf6 4. cxd5 cxd5 5. Bf4 Nc6 6. e3 a6 7. Bd3 e6 8. Rc1
Be7 9. h3 O-O 10. Nf3 Bd7 11. O-O Rc8 12. Na4 Nb4 13. Rxc8 Qxc8 14. Nb6 Qd8 15.
Nxd7 Nxd7 16. Bb1 Qb6 17. a3 Nc6 18. b4 Rc8 19. Qd3 Nf6 20. Rc1 Na7 21. Rxc8+
Nxc8 22. Ne5 g6 23. f3 Nd6 24. Qc3 Qd8 25. a4 Qc8 26. Qc5 b6 27. Nc6 Bf8 28.
Qxb6 Nd7 29. Qd8 Qxc6 30. Bd3 Nc4 31. Bc2 Nb2 32. b5 axb5 33. axb5 Qxb5 34. e4
Na4 35. exd5 Qxd5 36. Be3 Nc3 37. Qc8 Ne2+ 38. Kf1 Nxd4 39. Ba4 Nb6 40. Qa6
Nxa4 41. Qxa4 Qb5+ 42. Qxb5 Nxb5 43. g4 f5 44. gxf5 exf5 45. Kg2 Bd6 46. f4 Nc3
47. Kf3 Nd5 48. Bd2 Kf7 49. h4 Nf6 50. Be1 Nh5 51. Bd2 Ke6 52. Be3 h6 53. Bd2
Kd5 54. Be3 Bb4 55. Bb6 Be1 56. Bd8 Ke6 57. Bb6 Bxh4 58. Bc5 Be7 59. Bd4 Bd6
60. Be3 Bxf4 0-1

[Event "Kadettallsvenskans final 2006"]
[Site "?"]
[Date "2006.08.19"]
[Round "4"]
[White "Apéria, Jakob"]
[Black "Johansson, Tim"]
[Result "1/2-1/2"]
[WhiteElo "1758"]
[BlackElo "1819"]
[PlyCount "101"]

1. c4 c5 2. g3 g6 3. Nc3 Nc6 4. Bg2 Bg7 5. e3 e6 6. Nge2 Nge7 7. O-O O-O 8. Rb1
d5 9. cxd5 exd5 10. d4 Bf5 11. Ra1 cxd4 12. exd4 Nb4 13. Be3 Nc2 14. Rc1 Nxe3
15. fxe3 Bg4 16. Qb3 Bh6 17. Nf4 Be6 18. Nb5 Bxf4 19. gxf4 Qb6 20. Rc3 Rac8 21.
Na3 Qxb3 22. Rxb3 b6 23. Nb5 Rc2 24. Rf2 Rc1+ 25. Rf1 Rfc8 26. Rc3 R8xc3 27.
Nxc3 Rc2 28. Rf2 Rc1+ 29. Rf1 Rxf1+ 30. Kxf1 f6 31. Nb5 a5 32. Nc7 Bf7 33. Ke1
g5 34. fxg5 fxg5 35. Bf1 Nf5 36. Kf2 Nd6 37. Bg2 Ne4+ 38. Bxe4 dxe4 39. a3 Kg7
40. b4 Kf6 41. Nb5 Bc4 42. Nc3 Kf5 43. bxa5 bxa5 44. Ne2 Bd3 45. Nc1 h5 46. Nb3
a4 47. Nc5 Bb5 48. d5 Ke5 49. d6 Kxd6 50. Nxe4+ Kd5 51. Nd2 1/2-1/2

[Event "Kadettallsvenskans final 2006"]
[Site "?"]
[Date "2006.08.19"]
[Round "4"]
[White "Lönnemark, Lena"]
[Black "Trost, Martin"]
[Result "0-1"]
[WhiteElo "1672"]
[BlackElo "1663"]
[PlyCount "56"]

1. e4 e5 2. Nf3 Nc6 3. Bc4 Nf6 4. Ng5 d5 5. exd5 Nd4 6. d3 b5 7. Bb3 Nxb3 8.
axb3 Nxd5 9. Qf3 f6 10. Nh3 Be6 11. Be3 Nb4 12. Qh5+ g6 13. Qe2 Qd5 14. Rg1 Bd6
15. Nc3 Qb7 16. Rc1 Rd8 17. f4 Nd5 18. Nxd5 Bxd5 19. fxe5 fxe5 20. c4 bxc4 21.
bxc4 Be6 22. Ng5 Bb4+ 23. Bd2 Bxd2+ 24. Qxd2 Bf5 25. Rc3 O-O 26. Qe2 Rb8 27. g4
Bd7 28. Qxe5 Rbe8 0-1

[Event "Kadettallsvenskans final 2006"]
[Site "?"]
[Date "2006.08.19"]
[Round "4"]
[White "Hammam, Timour"]
[Black "Brengdahl, Martin"]
[Result "0-1"]
[WhiteElo "1583"]
[BlackElo "1427"]
[PlyCount "106"]

1. e4 c5 2. Nf3 Nc6 3. d4 cxd4 4. Nxd4 g6 5. Bb5 Nf6 6. Nc3 Nxd4 7. Qxd4 Bg7 8.
e5 Ng8 9. f4 e6 10. Be3 Ne7 11. g4 O-O 12. O-O-O Nc6 13. Bxc6 bxc6 14. Qd6 f6
15. h4 fxe5 16. fxe5 Qa5 17. Bc5 Rf4 18. h5 Bf8 19. Qd2 Bh6 20. Be3 Qxe5 21.
hxg6 Rf2 22. gxh7+ Kh8 23. Bd4 Bxd2+ 24. Rxd2 Qxd4 25. Rxd4 Rf7 26. Ne4 d5 27.
g5 Rxh7 28. Rxh7+ Kxh7 29. Nf6+ Kg6 30. Rg4 e5 31. Rg3 Bf5 32. c3 Rh8 33. Ng4
Bxg4 34. Rxg4 Rh2 35. Ra4 Kxg5 36. Rxa7 e4 37. a4 e3 38. Kd1 Rxb2 39. Rf7 Ra2
40. Rf3 e2+ 41. Ke1 Kg4 42. Rf2 Rxa4 43. Rxe2 Re4 44. Kd2 Rxe2+ 45. Kxe2 Kf4
46. Kd3 c5 47. Kd2 Ke4 48. Ke2 c4 49. Kd2 Kf3 50. Kd1 Ke3 51. Kc2 Ke2 52. Kc1
Kd3 53. Kb2 Kd2 0-1

[Event "Kadettallsvenskans final 2006"]
[Site "?"]
[Date "2006.08.19"]
[Round "4"]
[White "Åström, Linda"]
[Black "Ismailov, Alexander"]
[Result "1-0"]
[WhiteElo "1330"]
[BlackElo "1507"]
[PlyCount "137"]

1. e4 c5 2. Nf3 d6 3. d4 cxd4 4. Nxd4 Nf6 5. Nc3 g6 6. Be3 Bg7 7. Bc4 O-O 8.
Bb3 Nc6 9. h3 Bd7 10. O-O Rc8 11. Qd2 a6 12. a3 b5 13. Rad1 Qc7 14. Rfe1 Nxd4
15. Bxd4 Nh5 16. Bxg7 Nxg7 17. Kh1 Be6 18. Nd5 Qb7 19. Qg5 Rfe8 20. f4 Bxd5 21.
exd5 Nf5 22. c3 Rc5 23. Qg4 a5 24. Qf3 b4 25. axb4 axb4 26. c4 Ra5 27. Kh2 Qa7
28. Qd3 Ra8 29. Qd2 Qd7 30. g4 Ng7 31. Qxb4 h5 32. Kg3 f6 33. Bc2 Kf7 34. Qb3
R5a7 35. Qd3 f5 36. Re2 Rb8 37. b3 Rg8 38. g5 h4+ 39. Kf3 Nh5 40. Rde1 Re8 41.
Qd4 Ng3 42. Re6 Ra2 43. Qc3 Nh5 44. Rb1 Qa7 45. b4 Ra3 46. Bb3 Rc8 47. Rbe1 Rc7
48. R1e3 Ra1 49. Re1 Rxe1 50. Rxe1 Rc8 51. c5 Ng3 52. Qe3 Ne4 53. Bc2 Ng3 54.
Qe6+ Kf8 55. Qxc8+ Kg7 56. cxd6 exd6 57. Qd8 Ne4 58. Bxe4 Qa3+ 59. Re3 Qc1 60.
Qe7+ Kg8 61. Qe6+ Kh7 62. Qf7+ Kh8 63. Qf6+ Kh7 64. Re2 Qa3+ 65. Re3 Qc1 66.
Bd3 Qh1+ 67. Ke2 Qg2+ 68. Kd1 Qg1+ 69. Re1 1-0

[Event "Kadettallsvenskans final 2006"]
[Site "?"]
[Date "2006.08.19"]
[Round "4"]
[White "Löfgren, Ragna"]
[Black "Hänninger, Simon"]
[Result "1-0"]
[WhiteElo "1950"]
[BlackElo "1812"]
[PlyCount "41"]

1. c4 g6 2. g3 Nf6 3. Bg2 Bg7 4. Nc3 O-O 5. e4 d6 6. Nge2 e5 7. O-O Nbd7 8. d3
a5 9. h3 Nc5 10. Be3 Nfd7 11. Qd2 c6 12. Kh2 Qe7 13. f4 f5 14. exf5 gxf5 15. d4
exf4 16. Nxf4 Ne4 17. Nxe4 fxe4 18. Nh5 Bh8 19. Bh6 Rxf1 20. Rxf1 Qe8 21. Qg5+
1-0

[Event "Kadettallsvenskans final 2006"]
[Site "?"]
[Date "2006.08.19"]
[Round "4"]
[White "Revelj, Isak"]
[Black "Panas, Simo"]
[Result "0-1"]
[WhiteElo "1693"]
[BlackElo "1919"]
[PlyCount "48"]

1. d4 Nf6 2. c4 e6 3. Nf3 Bb4+ 4. Nc3 c5 5. Bg5 cxd4 6. Nxd4 Nc6 7. e3 Qa5 8.
Ndb5 Ne4 9. Bh4 Nxc3 10. bxc3 Bxc3+ 11. Ke2 Be5 12. Rc1 a6 13. Nd6+ Bxd6 14.
Qxd6 Qh5+ 15. f3 Qxh4 16. g3 Qe7 17. Qxe7+ Kxe7 18. Bg2 b5 19. f4 Bb7 20. Rhd1
Rhd8 21. Rd2 Na5 22. Bxb7 Nxb7 23. cxb5 axb5 24. Rb1 Nd6 0-1

[Event "Kadettallsvenskans final 2006"]
[Site "?"]
[Date "2006.08.19"]
[Round "4"]
[White "Aira, Johannes"]
[Black "Mossiaguine, Allan"]
[Result "1-0"]
[WhiteElo "1603"]
[BlackElo "1650"]
[PlyCount "67"]

1. e4 c5 2. a3 g6 3. b4 Bg7 4. Nc3 Nc6 5. b5 Nd4 6. Nf3 a6 7. bxa6 b6 8. Rb1
Nh6 9. Nxd4 cxd4 10. Nd5 Bxa6 11. Bxa6 Rxa6 12. Qe2 Ra7 13. O-O O-O 14. Rb3 f5
15. d3 e6 16. Nxb6 f4 17. Nc4 Rc7 18. Nd6 f3 19. gxf3 Be5 20. Nc4 Bxh2+ 21.
Kxh2 Qh4+ 22. Kg2 Rc5 23. Rh1 Rg5+ 24. Bxg5 Qxg5+ 25. Kf1 Qc1+ 26. Qe1 Qg5 27.
Nd2 Nf5 28. exf5 Rxf5 29. Rb8+ Kg7 30. Rb7 Re5 31. Rxd7+ Kg8 32. Ne4 Qf4 33.
Rd8+ Kg7 34. Qd2 1-0

[Event "Kadettallsvenskans final 2006"]
[Site "?"]
[Date "2006.08.19"]
[Round "4"]
[White "Gullberg, Daniel"]
[Black "Heino, Alexander"]
[Result "1/2-1/2"]
[WhiteElo "1646"]
[BlackElo "1583"]
[PlyCount "86"]

1. e4 e5 2. Bc4 Nf6 3. Nc3 d6 4. d3 Nc6 5. f4 Be7 6. Be3 exf4 7. Bxf4 Be6 8.
Bb3 Nd4 9. Nf3 Nxb3 10. axb3 d5 11. e5 Nd7 12. Nb5 a6 13. Nbd4 O-O 14. Qd2 c5
15. Nxe6 fxe6 16. Ng5 Bxg5 17. Bxg5 Qc7 18. Be7 Qxe5+ 19. Qe2 Qxe2+ 20. Kxe2
Rf7 21. Bh4 Nf6 22. Bxf6 Rxf6 23. Rhf1 Rxf1 24. Rxf1 Rf8 25. Ra1 Kf7 26. Ra5
Rc8 27. Ke3 Ke7 28. Ra4 Rf8 29. Ke2 Kd6 30. Rh4 h6 31. Rg4 g5 32. h4 gxh4 33.
Rxh4 Rg8 34. Kf3 Rg6 35. Rh5 Rf6+ 36. Ke2 d4 37. g4 e5 38. g5 hxg5 39. Rxg5 b5
40. Rg8 Kd5 41. Rd8+ Rd6 42. Rc8 Rc6 43. Rd8+ Rd6 1/2-1/2

[Event "Kadettallsvenskans final 2006"]
[Site "?"]
[Date "2006.08.19"]
[Round "4"]
[White "Hansson, Johan"]
[Black "Thisner, Kalle"]
[Result "1-0"]
[WhiteElo "1526"]
[BlackElo "1548"]
[PlyCount "107"]

1. f4 d5 2. Nf3 Nf6 3. c3 c5 4. d3 Nc6 5. Qc2 e6 6. e4 dxe4 7. dxe4 Be7 8. Be2
O-O 9. O-O b6 10. Kh1 Bb7 11. Be3 Qc7 12. Nbd2 Ng4 13. Bg1 Qxf4 14. Nd4 Nxd4
15. cxd4 Ne3 16. Bxe3 Qxe3 17. Bd3 Qxd4 18. Nb3 Qd7 19. e5 h6 20. Rf4 Rad8 21.
Rd1 Qc7 22. Re1 Rd5 23. Qe2 Rfd8 24. Bc4 R5d7 25. h4 a5 26. Ref1 Bf8 27. Qf2
Re8 28. Bb5 Bc6 29. Bxc6 Qxc6 30. Rxf7 Rxf7 31. Qxf7+ Kh8 32. h5 Rd8 33. Rf2
Qe8 34. Qg6 Qe7 35. Qg4 Qg5 36. Qxg5 hxg5 37. Nd2 Be7 38. Nc4 Rd4 39. Nxb6 Rh4+
40. Kg1 c4 41. Nd7 Rd4 42. Nf8 Bc5 43. Ng6+ Kh7 44. Rf3 Rd2+ 45. Kf1 Rxb2 46.
Rc3 Rb4 47. Ke2 Kh6 48. g4 Kh7 49. Kf3 Bd4 50. Rc2 c3 51. Nf8+ Kg8 52. Nxe6
Bxe5 53. Nxg5 Rf4+ 54. Kg3 {Resten av dragen under 5 minuter vit vann till slut
} 1-0

[Event "Kadettallsvenskans final 2006"]
[Site "?"]
[Date "2006.08.19"]
[Round "4"]
[White "Hussain, Anton"]
[Black "Vas, Victor"]
[Result "1-0"]
[WhiteElo "1535"]
[BlackElo "1507"]
[PlyCount "121"]

1. e4 e5 2. Nf3 Nf6 3. Nxe5 d6 4. Nf3 Nxe4 5. Qe2 Qe7 6. d3 Nf6 7. Bg5 Qxe2+ 8.
Bxe2 Be7 9. Nc3 Be6 10. O-O c6 11. Rfe1 h6 12. Bh4 Na6 13. Nd4 Nc7 14. Rad1 O-O
15. Ne4 g5 16. Bg3 Nxe4 17. dxe4 Rac8 18. Nxe6 Nxe6 19. Bxd6 Rfe8 20. Bc4 Nc5
21. f3 Kg7 22. Kf2 Na4 23. Bb3 Bxd6 24. Rxd6 Nc5 25. Bc4 Re7 26. Red1 Rce8 27.
b4 Na4 28. Bb3 Nc3 29. R1d3 Nb5 30. Rd7 Kg6 31. a4 Nc7 32. R3d6+ Kg7 33. Kg3
Na6 34. c3 Nb8 35. Rxe7 Rxe7 36. h4 Nd7 37. hxg5 hxg5 38. c4 f6 39. c5 Nb8 40.
Bc4 Rd7 41. Rxd7+ Nxd7 42. f4 gxf4+ 43. Kxf4 Ne5 44. Be2 Kg6 45. g4 Nf7 46. a5
a6 47. Bf1 Ne5 48. g5 Nf7 49. gxf6 Kxf6 50. Bh3 Ne5 51. Ke3 Nf7 52. Bc8 Nd8 53.
Kf4 Ke7 54. Kf5 Kf8 55. Kf6 Ke8 56. e5 Kf8 57. e6 Ke8 58. Bd7+ Kf8 59. e7+ Kg8
60. exd8=Q+ Kh7 61. Bf5+ 1-0

[Event "Kadettallsvenskans final 2006"]
[Site "?"]
[Date "2006.08.20"]
[Round "5"]
[White "Zadruzny, Nicolaj"]
[Black "Agrest, Inna"]
[Result "1-0"]
[WhiteElo "2381"]
[BlackElo "2073"]
[PlyCount "81"]

1. d4 Nf6 2. Bg5 d5 3. Bxf6 exf6 4. e3 Bd6 5. c4 c6 6. cxd5 cxd5 7. Nc3 Be6 8.
g3 Nd7 9. Bg2 Qa5 10. Nge2 f5 11. O-O Nf6 12. Qb3 Qb6 13. Nxd5 Qxb3 14. Nxf6+
Ke7 15. axb3 Kxf6 16. Bxb7 Rab8 17. Rxa7 Bxb3 18. Rc1 Rhd8 19. Bf3 Be6 20. Rc2
Rb6 21. d5 Bd7 22. Nd4 Be8 23. Nc6 Rc8 24. Ra1 g6 25. Rb1 Rb3 26. Rbc1 Ra8 27.
Nd4 Rbb8 28. b3 Bd7 29. Rb1 Ra3 30. Rcb2 Rb6 31. b4 Ra4 32. Nc6 Ra8 33. b5 Rc8
34. Ra2 Rc7 35. Ra6 Rxa6 36. bxa6 Bc5 37. Rb7 Rxb7 38. axb7 Bd6 39. b8=Q Bxb8
40. Nxb8 Ba4 41. Nc6 1-0

[Event "Kadettallsvenskans final 2006"]
[Site "?"]
[Date "2006.08.20"]
[Round "5"]
[White "Sonnek, Torbern"]
[Black "Nikolic, Vladan"]
[Result "1/2-1/2"]
[WhiteElo "1971"]
[BlackElo "1987"]
[PlyCount "62"]

1. d4 e6 2. c4 f5 3. g3 Nf6 4. Bg2 Bb4+ 5. Bd2 Qe7 6. a3 Bxd2+ 7. Qxd2 d6 8.
Nc3 e5 9. dxe5 dxe5 10. Nf3 c6 11. O-O O-O 12. Rfd1 Nbd7 13. Rac1 e4 14. Nd4
Ne5 15. Na4 Bd7 16. b4 Rad8 17. Qc2 Kh8 18. Nb3 Be6 19. Nb2 Qf7 20. Rxd8 Rxd8
21. Qc3 Qc7 22. Nc5 Bf7 23. Nxb7 Qxb7 24. Qxe5 Rd2 25. Qc3 Qd7 26. Bf1 Qd4 27.
Qxd4 Rxd4 28. Rd1 Rxd1 29. Nxd1 Bxc4 30. e3 Bxf1 31. Kxf1 Nd5 1/2-1/2

[Event "Kadettallsvenskans final 2006"]
[Site "?"]
[Date "2006.08.20"]
[Round "5"]
[White "Berggren, Patrik"]
[Black "Apéria, Jakob"]
[Result "1/2-1/2"]
[WhiteElo "1890"]
[BlackElo "1758"]
[PlyCount "79"]

1. e4 Nf6 2. Nc3 d5 3. exd5 Nxd5 4. Bc4 Nb6 5. Bb3 Nc6 6. Nf3 Bf5 7. d4 e6 8.
Bf4 Bd6 9. Qd2 Bxf4 10. Qxf4 Qd6 11. Qxd6 cxd6 12. O-O O-O 13. a3 Bg4 14. d5
Bxf3 15. gxf3 Nd4 16. Rad1 Nxb3 17. cxb3 e5 18. Ne2 Rac8 19. Rd2 g5 20. Nc3 f5
21. Rc1 Rf7 22. Kf1 a6 23. Ke2 Rfc7 24. Rg1 Rg7 25. a4 Kf7 26. a5 Nd7 27. Na4
h6 28. Kd3 Nc5+ 29. Nxc5 Rxc5 30. Ke2 Rxa5 31. Rc1 Rc5 32. Rdc2 Rxc2+ 33. Rxc2
Ke8 34. Rc8+ Kd7 35. Rf8 Ke7 36. Rb8 Kf6 37. Rd8 Ke7 38. Rh8 Kf6 39. Rd8 Ke7
40. Rb8 1/2-1/2

[Event "Kadettallsvenskans final 2006"]
[Site "?"]
[Date "2006.08.20"]
[Round "5"]
[White "Trost, Martin"]
[Black "Alarik, Martin"]
[Result "1/2-1/2"]
[WhiteElo "1663"]
[BlackElo "1876"]
[PlyCount "87"]

1. e4 c5 2. Nf3 e6 3. d4 cxd4 4. Nxd4 a6 5. Be2 Nf6 6. Nc3 Bb4 7. Bg5 Qc7 8.
Bxf6 Bxc3+ 9. bxc3 Qxc3+ 10. Kf1 gxf6 11. a4 Nc6 12. Nxc6 bxc6 13. g3 d5 14.
Bf3 Qc4+ 15. Qd3 Qxd3+ 16. cxd3 Rb8 17. Ke2 Bd7 18. Rab1 Ke7 19. Ke3 dxe4 20.
dxe4 c5 21. Be2 Bxa4 22. Bxa6 Bc2 23. Rb5 Rhd8 24. Rc1 Rxb5 25. Bxb5 Rb8 26.
Rxc2 Rxb5 27. Rd2 Rb3+ 28. Ke2 h5 29. f4 c4 30. Rd4 Rb2+ 31. Kf3 c3 32. Rc4 c2
33. Ke3 Kd6 34. Kd3 c1=Q 35. Rxc1 Rxh2 36. Kd4 e5+ 37. Ke3 Rh3 38. Rd1+ Kc5 39.
Kf2 h4 40. gxh4 Rxh4 41. fxe5 Rxe4 42. exf6 Rf4+ 43. Ke3 Rxf6 44. Ke4 1/2-1/2

[Event "Kadettallsvenskans final 2006"]
[Site "?"]
[Date "2006.08.20"]
[Round "5"]
[White "Isheden, Joakim"]
[Black "Hammam, Timour"]
[Result "1-0"]
[WhiteElo "1857"]
[BlackElo "1583"]
[PlyCount "73"]

1. d4 Nf6 2. c4 e6 3. Nf3 c5 4. Nc3 cxd4 5. Nxd4 a6 6. e4 Bb4 7. Bd3 Bxc3+ 8.
bxc3 Qc7 9. O-O O-O 10. Ba3 Re8 11. f4 d6 12. Nf3 Nc6 13. Re1 Nd7 14. Bf1 Nc5
15. e5 Qa5 16. Bb4 Qb6 17. Qxd6 Ne4+ 18. c5 Nxd6 19. cxb6 Nxb4 20. cxb4 Nf5 21.
Rad1 Kf8 22. Kf2 Ne7 23. Bc4 Nc6 24. a3 Ke7 25. Ng5 h6 26. Ne4 Nb8 27. Nd6 Rd8
28. Be2 Nd7 29. Nc4 Nf8 30. Bf3 Rxd1 31. Rxd1 Nd7 32. a4 Nb8 33. Nd6 Nd7 34. a5
Rb8 35. Nxc8+ Rxc8 36. Bxb7 Rb8 37. Bxa6 1-0

[Event "Kadettallsvenskans final 2006"]
[Site "?"]
[Date "2006.08.20"]
[Round "5"]
[White "Ismailov, Alexander"]
[Black "Berggren, Jonatan"]
[Result "0-1"]
[WhiteElo "1502"]
[BlackElo "1821"]
[PlyCount "86"]

1. e4 c5 2. Nf3 e6 3. d4 cxd4 4. Nxd4 a6 5. c4 Nf6 6. Bd3 Qc7 7. a3 Nc6 8. Be3
Bc5 9. Bc2 Qb6 10. Nf3 Bxe3 11. fxe3 Qxe3+ 12. Qe2 Qxe2+ 13. Kxe2 d6 14. Nc3 b6
15. Rad1 Ke7 16. Rd2 Rd8 17. Rhd1 Ng4 18. b4 Bb7 19. Na4 b5 20. Nb2 Nge5 21.
Bb3 Ng6 22. Ke3 Nge5 23. Ke2 f6 24. h3 Nf7 25. Ke3 Rd7 26. c5 Rad8 27. Nd3 dxc5
28. Nxc5 Rxd2 29. Rxd2 Rxd2 30. Nxd2 Bc8 31. Nf3 Kd6 32. Nd4 Nfd8 33. Kd3 Nxd4
34. Kxd4 Nc6+ 35. Ke3 a5 36. Nd3 e5 37. Bd5 axb4 38. axb4 Nd4 39. Kd2 Be6 40.
Bxe6 Kxe6 41. Nc5+ Kf7 42. g4 Kg6 43. Nd7 Kg5 0-1

[Event "Kadettallsvenskans final 2006"]
[Site "?"]
[Date "2006.08.20"]
[Round "5"]
[White "Rosberg, Simon"]
[Black "Löfgren, Ragna"]
[Result "1/2-1/2"]
[WhiteElo "2227"]
[BlackElo "1950"]
[PlyCount "60"]

1. d4 g6 2. c4 Bg7 3. Nc3 d6 4. g3 e5 5. dxe5 dxe5 6. Qxd8+ Kxd8 7. Bg5+ f6 8.
Rd1+ Nd7 9. Be3 c6 10. f4 Kc7 11. Nf3 Nh6 12. fxe5 Nxe5 13. Bf4 Nhf7 14. Bg2 g5
15. Nxe5 Nxe5 16. Bxe5+ fxe5 17. O-O Be6 18. b3 Rhf8 19. Be4 h6 20. Kg2 Rxf1
21. Rxf1 Rf8 22. Rxf8 Bxf8 23. h3 Bc5 24. g4 Bd4 25. Nd1 b5 26. e3 Bb6 27. cxb5
cxb5 28. Nc3 a6 29. Nd5+ Bxd5 30. Bxd5 Bxe3 1/2-1/2

[Event "Kadettallsvenskans final 2006"]
[Site "?"]
[Date "2006.08.20"]
[Round "5"]
[White "Panas, Simo"]
[Black "Wickström, Lucas"]
[Result "1-0"]
[WhiteElo "1919"]
[BlackElo "1889"]
[PlyCount "127"]

1. d4 Nf6 2. c4 c5 3. d5 b5 4. cxb5 a6 5. bxa6 g6 6. Nc3 Bxa6 7. e4 Bxf1 8.
Kxf1 d6 9. Nf3 Bg7 10. g3 O-O 11. Kg2 Nbd7 12. Re1 Nb6 13. Qe2 Na4 14. Nxa4
Rxa4 15. Nd2 Qa8 16. a3 Nd7 17. Rb1 Rd4 18. Nb3 Ra4 19. Nd2 f5 20. b3 Ra7 21.
exf5 Rxf5 22. Qxe7 Nf8 23. Qe8 Qxd5+ 24. Qe4 Qf7 25. Rf1 Bd4 26. Nf3 d5 27. Qd3
Bg7 28. Nh4 c4 29. bxc4 dxc4 30. Qe4 Re7 31. Qa8 Ra7 32. Qe4 Re5 33. Qf3 Qe7
34. Bb2 Rea5 35. Rfe1 Qxe1 36. Rxe1 Bxb2 37. Re8 Rf7 38. Qe4 g5 39. Qxc4 gxh4
40. Re7 Raf5 41. Rxf7 Rxf7 42. Qxh4 Bxa3 43. Qg4+ Rg7 44. Qc4+ Kh8 45. h4 Bb2
46. Qb4 Ng6 47. Qb8+ Rg8 48. Qxb2+ Rg7 49. h5 Nf4+ 50. Kf3 Nxh5 51. g4 Ng3 52.
Qb8+ Rg8 53. Qe5+ Rg7 54. Kxg3 h6 55. f4 Kh7 56. g5 Rg6 57. Kh4 hxg5+ 58. fxg5
Rg7 59. Kh5 Kg8 60. Qe8+ Kh7 61. g6+ Rxg6 62. Qxg6+ Kh8 63. Qf6+ Kg8 64. Qe7
1-0

[Event "Kadettallsvenskans final 2006"]
[Site "?"]
[Date "2006.08.20"]
[Round "5"]
[White "Johansson, Tim"]
[Black "Aira, Johannes"]
[Result "1-0"]
[WhiteElo "1819"]
[BlackElo "1603"]
[PlyCount "97"]

1. d4 Nf6 2. Bg5 Ne4 3. Bf4 e6 4. f3 Nf6 5. e4 d5 6. Bd3 c5 7. Bg5 dxe4 8. Bb5+
Bd7 9. Bxd7+ Nbxd7 10. dxc5 Bxc5 11. Bxf6 Nxf6 12. Qxd8+ Rxd8 13. Nd2 e3 14.
Nb3 Bb6 15. Ke2 Ke7 16. c4 Nd7 17. f4 Nc5 18. Nxc5 Bxc5 19. Nf3 Rd6 20. a3 a5
21. b4 axb4 22. axb4 Bxb4 23. Rhb1 Bc5 24. Rxb7+ Kf6 25. Ne5 Rd2+ 26. Kf3 Rf8
27. Nd7+ Rxd7 28. Rxd7 Rb8 29. Ra5 Rc8 30. Rb5 h6 31. Rbb7 Rf8 32. Rdc7 Bd4 33.
c5 g5 34. g3 g4+ 35. Ke2 Kg6 36. Ra7 Rb8 37. Ra2 Rb1 38. c6 Rh1 39. Rc2 Kf5 40.
Rd7 Ke4 41. Rc4 Rxh2+ 42. Kd1 e2+ 43. Kd2 Kf3 44. Rdxd4 Rh1 45. Re4 Rd1+ 46.
Kc2 e1=Q 47. Rxe1 Rxe1 48. c7 Kxg3 49. c8=Q 1-0

[Event "Kadettallsvenskans final 2006"]
[Site "?"]
[Date "2006.08.20"]
[Round "5"]
[White "Heino, Alexander"]
[Black "Brengdahl, Martin"]
[Result "1-0"]
[WhiteElo "1583"]
[BlackElo "1427"]
[PlyCount "85"]

1. e4 c5 2. Nf3 Nc6 3. d4 cxd4 4. Nxd4 g6 5. c4 Nf6 6. Nc3 Nxd4 7. Qxd4 Bg7 8.
Be2 O-O 9. O-O d6 10. Be3 b6 11. f3 Qc7 12. Qd2 Be6 13. b3 Rac8 14. Rac1 Qb7
15. Bd3 Nd7 16. f4 f5 17. Nd5 Bxd5 18. exd5 Nc5 19. b4 Nxd3 20. Qxd3 Qa6 21.
Qb3 Rc7 22. c5 Rfc8 23. c6 Re8 24. b5 Qc8 25. Rfe1 e5 26. fxe5 Bxe5 27. Bd2
Ree7 28. Rxe5 Rxe5 29. Bf4 Qe8 30. Bxe5 Qxe5 31. Qd3 Kf7 32. Qd2 f4 33. Re1 Qf6
34. Re6 Qf5 35. Rxd6 f3 36. gxf3 Qb1+ 37. Kg2 Qxb5 38. Qf4+ Ke8 39. Qe5+ Re7
40. Qh8+ Kf7 41. Qxh7+ Kf8 42. Qh8+ Kf7 43. Rf6# 1-0

[Event "Kadettallsvenskans final 2006"]
[Site "?"]
[Date "2006.08.20"]
[Round "5"]
[White "Åström, Linda"]
[Black "Hansson, Johan"]
[Result "0-1"]
[WhiteElo "1330"]
[BlackElo "1526"]
[PlyCount "116"]

1. e4 c5 2. Nf3 d6 3. d4 cxd4 4. Nxd4 Nf6 5. Nc3 g6 6. Bc4 Bg7 7. h3 Nc6 8. Be3
O-O 9. Bb3 Bd7 10. O-O Rc8 11. Qd2 Ne5 12. Rad1 Nc4 13. Bxc4 Rxc4 14. Qd3 Qc7
15. Nb3 Rc8 16. f4 a6 17. Bd4 b5 18. e5 Bf5 19. Qe2 Ne8 20. Rd2 e6 21. g4 b4
22. gxf5 bxc3 23. Bxc3 dxe5 24. fxe6 Qb6+ 25. Kh2 Qxe6 26. fxe5 Rxc3 27. bxc3
Rxc3 28. Rf3 Bxe5+ 29. Kg2 Qc6 30. Kf2 Nf6 31. Rxc3 Bxc3 32. Rd3 Ne4+ 33. Kg1
f5 34. Qe3 Qc7 35. Nc1 Kf7 36. Ne2 Be5 37. c3 Kf6 38. Kg2 g5 39. Nd4 Qb7 40.
Kf1 Qb1+ 41. Kg2 Qxa2+ 42. Ne2 Qb2 43. Kf3 Qb1 44. Kg2 Qb7 45. Kg1 a5 46. Rd1
a4 47. Qd3 Qb6+ 48. Nd4 a3 49. Qf3 Bxd4+ 50. cxd4 a2 51. Qa3 Qb1 52. Qf8+ Ke6
53. d5+ Ke5 54. Qe7+ Kf4 55. Qc7+ Kf3 56. Qc1 Qb6+ 57. Kh1 Ng3+ 58. Kh2 Qf2#
0-1

[Event "Kadettallsvenskans final 2006"]
[Site "?"]
[Date "2006.08.20"]
[Round "5"]
[White "Andiné, Julius"]
[Black "Eklund, Olov"]
[Result "1-0"]
[WhiteElo "1444"]
[BlackElo "1317"]
[PlyCount "47"]

1. e4 e5 2. Nc3 Nf6 3. f4 exf4 4. e5 Ng8 5. Bc4 Qh4+ 6. Kf1 f3 7. d4 fxg2+ 8.
Kxg2 c5 9. Qf3 f6 10. Nb5 Na6 11. Bf4 Nh6 12. Bxh6 Qxh6 13. Re1 Kd8 14. Nd6
Bxd6 15. exd6 Qg6+ 16. Kf1 Rb8 17. Bd3 Qf7 18. Re7 Qf8 19. Nh3 cxd4 20. Rg1 g6
21. Nf4 Qh6 22. Nxg6 hxg6 23. Qxf6 Rf8 24. Rf7+ 1-0

[Event "Kadettallsvenskans final 2006"]
[Site "?"]
[Date "2006.08.20"]
[Round "5"]
[White "Hänninger, Simon"]
[Black "Johansson, Olle"]
[Result "1/2-1/2"]
[WhiteElo "1812"]
[BlackElo "1828"]
[PlyCount "30"]

1. d4 d5 2. c4 c6 3. cxd5 cxd5 4. Nc3 Nf6 5. Nf3 Nc6 6. Bf4 Bg4 7. e3 e6 8. Be2
Bb4 9. O-O O-O 10. Ne5 Nxe5 11. Bxe5 Bxe2 12. Nxe2 Nd7 13. Bg3 Nb6 14. Nf4 Re8
15. Nd3 Bd6 1/2-1/2

[Event "Kadettallsvenskans final 2006"]
[Site "?"]
[Date "2006.08.20"]
[Round "5"]
[White "Löfgren, Pontus"]
[Black "Revelj, Isak"]
[Result "1-0"]
[WhiteElo "1756"]
[BlackElo "1693"]
[PlyCount "69"]

1. e4 c5 2. Nc3 d6 3. d3 Nc6 4. g3 g6 5. Bg2 Bg7 6. Bd2 Bd7 7. Qc1 a6 8. f4 e6
9. Nf3 Nge7 10. O-O b5 11. Ne2 Rb8 12. Bc3 Bxc3 13. Nxc3 Qb6 14. Kh1 b4 15. Nd1
d5 16. Ne3 Na5 17. Ng4 Ng8 18. Nfe5 dxe4 19. Nxd7 Kxd7 20. dxe4 h5 21. Ne5+ Ke7
22. f5 Nc6 23. Qg5+ Ke8 24. Nxc6 Qxc6 25. fxg6 f6 26. Qf4 e5 27. Qe3 Rh6 28.
Rad1 Rxg6 29. Bh3 Rd8 30. Rxd8+ Kxd8 31. Rd1+ Ke7 32. Qd3 Kf8 33. Qd8+ Kg7 34.
Bf5 Rg5 35. Rd7+ 1-0